000
00316nam a22001337a 4500
008
190304b xxu||||| |||| 00| 0 eng d
020
_a
9781418836252
041
_a
eng
080
_a
004
100
_a
28
101
_a
SHK
245
_a
An Introduction to Programming using Alice
_c
Herbert,Ch.W
942
_2
udc
_c
BK
999
_c
54420
_d
54420